| 000 | 00585nam a2200229Ia 4500 | ||
|---|---|---|---|
| 003 | OSt | ||
| 005 | 20220924130225.0 | ||
| 006 | a|||||r|||| 00| 0 | ||
| 007 | ta | ||
| 008 | PER | ||
| 024 | _a329165 | ||
| 037 | _cTextual | ||
| 040 |
_aARTS _cARTS _bPER |
||
| 041 |
_2PER _aPER |
||
| 082 | _aO28,6E54,1, 164N1 | ||
| 100 |
_aRawaqi Ali Au. _9199716 |
||
| 245 | 0 | _aMaqamat-e-hareeri | |
| 260 |
_aTehran _bMususah farhangi Iran _c1991 |
||
| 650 | _aARABIC LITERATURE | ||
| 942 |
_hO28,6E54,1, 164N1 _cTEXL _2CC |
||
| 999 |
_c424303 _d424303 |
||